Oldest cities in the US - Statistics

General Stats
  • This quiz has been taken 146 times
    129 since last reset
  • The average score is 3 of 13
Answer Stats
Year Answer % Correct
1565 St. Augustine
66%
1615 Jamestown
59%
1617 Santa Fe
59%
1620 Plymouth
58%
1614 Albany
24%
1521 San Juan
17%
1610 Hampton
12%
1613 Newport News
9%
1605 Taos
8%
1617 Jersey City
7%
1622 Weymouth
6%
1610 Kecoughtan
2%
1598 San Juan Valley
1%
No matching quizzes found
Score Distribution
Percent of People with Each Score
Percentile by Number Answered
Your Score History
You have not taken this quiz since the last reset